Countries with the Most Olympic Medals in Volleyball - Statistics

General Stats
  • This quiz has been taken 104 times
  • The average score is 6 of 9
Answer Stats
# Country % Correct
12 Brazil
94%
6 Russia
88%
7 Italy
83%
6 China
80%
9 Japan
78%
4 Poland
64%
5 Cuba
51%
12 Soviet Union
45%
13 United States
42%
No matching quizzes found
Score Distribution
Percent of People with Each Score
Percentile by Number Answered
Your Score History
You have not taken this quiz